On the shoulders of giants : (Record no. 52417)

MARC details
000 -LEADER
fixed length control field 01445nam a22002657a 4500
005 - DATE AND TIME OF LATEST TRANSACTION
control field 20110512154857.0
010 ## - LCCN (DPL NO)
LC control number B-430606 B-440962
020 ## - INTERNATIONAL STANDARD BOOK NUMBER
International Standard Book Number 9788176494519
Terms of availability 995.00
035 ## - SYSTEM CONTROL NUMBER
System control number B-430606
035 ## - SYSTEM CONTROL NUMBER
System control number B-440962
037 ## - SOURCE OF ACQUISITION
Source of stock number/acquisition Allied Pub./VEN
037 ## - SOURCE OF ACQUISITION
Source of stock number/acquisition Researchco Book Centre
082 ## - DEWEY DECIMAL CLASSIFICATION NUMBER
Classification number 520
245 ## - TITLE STATEMENT
Title On the shoulders of giants :
Remainder of title the great works of physics and astronomy /
Statement of responsibility, etc edited, with commentary, by Stephen Hawking.
260 ## - PUBLICATION, DISTRIBUTION, ETC. (IMPRINT)
Place of publication, distribution, etc New Delhi
Name of publisher, distributor, etc Viva Books
Date of publication, distribution, etc 2003
300 ## - PHYSICAL DESCRIPTION
Extent xiii,1264p. :
Other physical details ill., ports.
Dimensions 24 cm.(pbk)
650 ## - SUBJECT ADDED ENTRY--TOPICAL TERM
Topical term or geographic name as entry element Astronomy
650 ## - SUBJECT ADDED ENTRY--TOPICAL TERM
Topical term or geographic name as entry element Physics
700 ## - ADDED ENTRY--PERSONAL NAME
Personal name Hawking, S. W.
Fuller form of name (Stephen W.)
9 (RLIN) 25725
942 ## - ADDED ENTRY ELEMENTS (KOHA)
Source of classification or shelving scheme Dewey Decimal Classification
Item type English Books
Classification part 520
Call number suffix ONT
Holdings
Withdrawn status Lost status Not for loan Collection code Home library Current library Date acquired Source of acquisition Cost, normal purchase price Full call number Barcode Copy number Cost, replacement price Koha item type
  Written-off vide DLB M. No. 383 dt 16.05.19   Non-fiction Patel Nagar Patel Nagar 27/05/2011 RBC-22612/2010-11/26-03-11/76/04-03-11/31-03-11 995.00 520 ONT B-430606 1 995.00 English Books
      Non-fiction Sarojini Nagar Sarojini Nagar 03/08/2011 Researchco Book Centre/RBC-25096/2011-12/R/20.4.11/76/4.3.11/9.6.11 995.00 520 ONT B-440962 1 995.00 English Books

© Delhi Public Library
Hit Counter
free hit counter